| 000 | 00502nam a22001577a 4500 | ||
|---|---|---|---|
| 008 | 131017b xxu||||| |||| 00| 0 eng d | ||
| 020 | _a972-570-069-4 | ||
| 100 | _aSPROULE, Anna | ||
| 245 |
_aJames Watt _bA historia da descoberta da maquina a vapor, ponto de partida para a sociedade industrial _cAnna Sproule |
||
| 250 | _a1ยช ed. | ||
| 260 |
_aLisboa _bEditora Replicacao _c1992 |
||
| 300 | _a64p | ||
| 440 |
_aCientistas que transformaram o Mundo _n069 |
||
| 650 | _aBiografia | ||
| 942 |
_2udc _cBK |
||
| 999 |
_c27139 _d27139 |
||